| 000 | 01830cam a2200481 4500 | ||
|---|---|---|---|
| 003 | PE-LiUPU | ||
| 005 | 20250731172942.0 | ||
| 020 | _a031020030X | ||
| 035 | _a(Sirsi) i9780310200307 | ||
| 035 | _a(Sirsi) 21675 | ||
| 035 | _a(Sirsi) 21675 | ||
| 041 | _aen | ||
| 044 | _aus | ||
| 082 | 0 | 4 |
_a232.12 _bK17 |
| 100 | 1 | _aKaiser, Walter C. | |
| 245 | 1 | 4 |
_aThe messiah in the Old Testament / _cWalter C. Kaiser, Jr. |
| 264 | 1 |
_aMichigan : _bZondervan Publishing House, _c1995 |
|
| 300 |
_a256 páginas ; _c20.5 cm. |
||
| 490 | 0 | _aStudies in Old Testament Biblical Theology | |
| 504 | _aBibliografía en cada capítulo | ||
| 505 | 0 | _aThe study of Messianism -- The Messiah in the Pentateuch -- The Messiah before and during the Davidic Monarchy -- The Messiah in the Psalms (Part 1) -- The Messiah in the Psalms (Part 2) -- The Messiah in the ninth-and eighth-century prophets -- The Messiah in the Eighth-Century Prophets (Isaiah) -- The Messiah in the seventh-and sixth-century prophets -- The Messiah in the postexilic prophets -- Conclusion. | |
| 526 | _aSEG42 | ||
| 526 | _aSEG41 | ||
| 526 | _aSEG40 | ||
| 526 | _aSEG39 | ||
| 526 | _aP94 | ||
| 526 | _aP87 | ||
| 526 | _aP86 | ||
| 526 | _aP85 | ||
| 526 | _aP77 | ||
| 526 | _aP76 | ||
| 526 | _aP35 | ||
| 630 | 0 | 4 |
_aBiblia _pA.T. _xCrítica, interpretación, etc. |
| 650 | 1 | 4 |
_aMesías _xEnseñanza Bíblica. |
| 650 | 1 | 4 |
_aMesías _xProfecías. |
| 942 |
_2ddc _cBOOK |
||
| 949 |
_a232.12 K17 _i44618 _lPOSTGRADO _mBUL _tLIBRO _o.STAFF. Posgrado |
||
| 859 |
_q44618 _h232.12 _iK17 |
||
| 910 | _aaj-op | ||
| 596 | _a1 | ||
| 999 |
_a232.12 K17 _wDEWEY _c21474 _i44618 _f2021-11-10 _g5 _lCCODEBUL1 _mBUL _r0 _sY _tBOOK _u2015-6-24 _xTEOLOGIA _PP35 _0COMPRA _o.STAFF. Colección General _d21474 |
||
| 980 |
_81 _gALBERTO SANCHEZ Responsable de Automatización |
||